| 000 | 01911nam2a2200217 4500 | ||
|---|---|---|---|
| 001 | RU\NLR\PER_A\003155060_001720 | ||
| 005 | 20250625065348.0 | ||
| 035 | _a(NLR Aleph) 021963067 | ||
| 090 |
_a12327937 _c12327937 |
||
| 100 | _a20230613d2023 |||y0rusy50 ca | ||
| 101 | 0 | _arus | |
| 102 | _aRU | ||
| 200 | 0 | _aМатериалы Четвёртой научно-практической конференции студентов и молодых учёных с международным участием Четвёртого Всероссийского педиатрического форума студентов и молодых учёных с международным участием "Виртуоз педиатрии" (Москва, 15 - 19 мая 2023 г.) | |
| 210 |
_d2023 _aБ. м. |
||
| 461 | 0 |
_1001RU\NLR\INFOCOMM7\1000076157 _12001#$aРоссийский педиатрический журнал$dThe Russian journal of pediatrics$eНауч.-практ. журн.$fИзд-во "Медицина". Ком. Рос. Федерации по печати$zeng$vТ. 26, прил. 2 _93043097 _cМ. _d1998- _fИзд-во "Медицина". Ком. Рос. Федерации по печати _lThe Russian journal of pediatrics _nМедицина _oНауч.-практ. журн. _tРоссийский педиатрический журнал _x1560-9561 _vТ. 26, прил. 2 |
|
| 710 | 1 | 2 |
_a"Виртуоз педиатрии", всероссийский педиатрический форум студентов и молодых учёных с международным участием _bНаучно-практическая конференция студентов и молодых ученых с международным участием _d4 _d4 _eМосква _f2023 _9854100 _3RU\NLR\AUTH\880594265 |
| 852 |
_aNLR _jП17/571 |
||
| 942 | _cISSUE | ||
| 980 | _aNB | ||
| 980 | _aRUSPER | ||